000 00317nam a22001337a 4500
003 OSt
005 20220221111130.0
008 220221b |||||||| |||| 00| 0 eng d
040 _cHU
082 _a668.416
100 _aTec
_930770
245 _aTechnology Of Fibre Reinforced Plastic Products
942 _2ddc
_cBOOKS
_n0
999 _c30998
_d30998